000 00304nam a2200121Ia 4500
008 140130s9999 xx 000 0 und d
245 _cBarbara Park
_aJunie B. Jones and some Sneaky Peeky
260 _bScholastic,
_c1994
440 _v1
521 _aGrade 1 - Grade 2
942 _cBK
999 _c40269
_d40269